书目信息 |
| 题名: |
大学物理问题、习题精选及详解
|
|
| 作者: | 唐光裕 , 韩桂花 主编 | |
| 分册: | ||
| 出版信息: | 北京 国防工业出版社 2009.07 |
|
| 页数: | 264页 | |
| 开本: | 26cm | |
| 丛书名: | ||
| 单 册: | ||
| 中图分类: | O4 | |
| 科图分类: | ||
| 主题词: | 物理学--wu li xue--高等学校--教学参考资料 | |
| 电子资源: | ||
| ISBN: | 978-7-118-06114-7 | |
| 000 | 00893nam0 2200253 450 | |
| 001 | 012010315265 | |
| 005 | 20100601094922.06 | |
| 010 | @a978-7-118-06114-7@dCNY32.00 | |
| 100 | @a20100601d2009 em y0chiy0120 ea | |
| 101 | 0 | @achi |
| 102 | @aCN@b110000 | |
| 105 | @aak a 000yy | |
| 106 | @ar | |
| 200 | 1 | @a大学物理问题、习题精选及详解@Ada xue wu li wen ti、xi ti jing xuan ji xiang jie@f唐光裕, 韩桂花主编@Ftang guang yu,han gui hua zhu bian |
| 210 | @a北京@c国防工业出版社@d2009.07 | |
| 215 | @a264页@c图@d26cm | |
| 320 | @a有书目 (第264页) | |
| 330 | @a本书主要内容:质点运动学,牛顿运动定律,刚体的定轴转动,机械振动,机械波,热力学基础,气体动力论等。 | |
| 606 | 0 | @a物理学@Awu li xue@x高等学校@j教学参考资料 |
| 690 | @aO4@v4 | |
| 701 | 0 | @a唐光裕@Atang guang yu@4主编 |
| 701 | 0 | @a韩桂花@Ahan gui hua@4主编 |
| 801 | 0 | @aCN@bQSSK@c20100601 |
| 905 | @b779887-89@dO4@eT248@f3 | |
| 大学物理问题、习题精选及详解/唐光裕, 韩桂花主编.-北京:国防工业出版社,2009.07 |
| 264页:图;26cm |
| ISBN 978-7-118-06114-7:CNY32.00 |
| 本书主要内容:质点运动学,牛顿运动定律,刚体的定轴转动,机械振动,机械波,热力学基础,气体动力论等。 |
| ● |
| 相关链接 |
|
|
|
正题名:大学物理问题、习题精选及详解
索取号:O4/T248
 
预约/预借
| 序号 | 登录号 | 条形码 | 馆藏地/架位号 | 状态 | 备注 |
| 1 | 779887 | 207798873 | 自科库401/401自科库 54排5列1层/ [索取号:O4/T248] | 在馆 | |
| 2 | 779888 | 207798882 | 自科库401/401自科库 54排5列1层/ [索取号:O4/T248] | 在馆 |